Записки на досуге (Запись № 777507)

Подробности
000 -МАРКЕР
контрольное поле 01751nam0a2200361 4500
001 - ИДЕНТИФИКАТОР ЗАПИСИ
контрольное поле RU\NLR\bibl\1342069
005 - ИДЕНТИФИКАТОР ВЕРСИИ
контрольное поле 20260406102748.0
010 ## - МЕЖДУНАРОДНЫЙ СТАНДАРТНЫЙ НОМЕР КНИГИ (ISBN)
Номер (ISBN) 978-5-8062-0296-4
Тираж 1000
021 ## - НОМЕР ГОСУДАРСТВЕННОЙ РЕГИСТРАЦИИ
Код страны Российская Федерация
Номер 2009-2740
Номер Листа государственной регистраци 147
035 ## - ДРУГИЕ СИСТЕМНЫЕ НОМЕРА
Идентификатор записи (nilc)RSL-KNO-004236363
035 ## - ДРУГИЕ СИСТЕМНЫЕ НОМЕРА
Идентификатор записи (NLR Aleph) 001327222
100 ## - ДАННЫЕ ОБЩЕЙ ОБРАБОТКИ
Данные общей обработки 20081009d2009 |||y0rusy50 ca
101 1# - ЯЗЫК РЕСУРСА
Язык текста, звукозаписи и т.д. русский
Язык оригинала японский
102 ## - СТРАНА ПУБЛИКАЦИИ ИЛИ ПРОИЗВОДСТВА
Страна публикации Российская Федерация
105 ## - ПОЛЕ КОДИРОВАННЫХ ДАННЫХ: ТЕКСТОВЫЕ МАТЕРИАЛЫ, МОНОГРАФИЧЕСКИЕ
Кодированные данные о монографическом текстовом документе a |||||||||
200 1# - ЗАГЛАВИЕ И СВЕДЕНИЯ ОБ ОТВЕТСТВЕННОСТИ
Основное заглавие Записки на досуге
Первые сведения об ответственности Ёсида Канэёси
Последующие сведения об ответственности пер. [с яп.] Александра Мещерякова
210 ## - ПУБЛИКАЦИЯ, РАСПРОСТРАНЕНИЕ И ДР.
Место издания, распространения и т.д. Москва
Имя издателя, распространителя и т. д. Наталис
Дата издания, распространения и т.д. 2009 (печ. 2008)
215 ## - ФИЗИЧЕСКАЯ ХАРАКТЕРИСТИКА
Специфическое обозначение материала и объем 190, [1] с.
Другие сведения о физической характеристике ил.
Размеры 21
225 1# - СЕРИЯ
Основное заглавие серии Восточная коллекция
300 ## - ОБЩИЕ ПРИМЕЧАНИЯ
Текст примечания На 5-й с. авт.: Ёсида Канэёси, после пострига - монах Кэнко, Кэнко-хоси
610 0# - НЕКОНТРОЛИРУЕМЫЕ ПРЕДМЕТНЫЕ ТЕРМИНЫ
Предметный термин Филологические науки. Художественная литература -- Япония -- Японская литература 8 - 19 вв( до 1868 г.) -- Произведения художественной литературы -- Художественная проза -- Записки
686 ## - ИНДЕКСЫ ДРУГИХ КЛАССИФИКАЦИЙ
Индекс Ш5(5Я)4-624.4
Код системы
686 ## - ИНДЕКСЫ ДРУГИХ КЛАССИФИКАЦИЙ
Индекс Ш5(5Я)4-332.4(текст)
700 #0 - ИМЯ ЛИЦА - ПЕРВИЧНАЯ ОТВЕТСТВЕННОСТЬ
Код отношения Автор
Материалы, к которым относится поле rus
Графика поля Кириллица
Начальный элемент ввода Кэнко-хоси
Даты 1283-1350
Идентификатор авторитетной/нормативной записи RU\NLR\AUTH\7764353
Системный номер авторитетной/нормативной записи 47282
702 #1 - ИМЯ ЛИЦА - ВТОРИЧНАЯ ОТВЕТСТВЕННОСТЬ
Код отношения Переводчик
Материалы, к которым относится поле rus
Графика поля Кириллица
Начальный элемент ввода Мещеряков
Часть имени, кроме начального элемента ввода А. Н.
Дополнения к именам, кроме дат д-р ист. наук, востоковед
Даты 1951-
Расширение инициалов личного имени Александр Николаевич
Идентификатор авторитетной/нормативной записи RU\NLR\AUTH\7784687
Системный номер авторитетной/нормативной записи 67615
801 #0 - ИСТОЧНИК ЗАПИСИ
Страна Российская Федерация
Организация Агентство CIP РГБ
Дата составления 20081009
Правила каталогизации rcr
801 #1 - ИСТОЧНИК ЗАПИСИ
Страна Российская Федерация
Организация РГБ
Дата составления 20081009
801 #2 - ИСТОЧНИК ЗАПИСИ
Страна Российская Федерация
Организация NLR
Дата составления 20090318
Правила каталогизации rcr
942 ## - ДОПОЛНИТЕЛЬНЫЕ ЭЛЕМЕНТЫ ЗАПИСИ (АБИС)
Тип экземпляра АБИС Книга
980 ## - КОЛЛЕКЦИЯ
Название коллекции Национальная библиография
Экземпляры
Тип экземпляра Дата поступления Источник поступления Библиотека постоянного хранения Библиотека текущего хранения Место хранения Шифр хранения Штрих-код Статус экземпляра
Книга 18.03.2009 Обязательный экземпляр РНБ (Московский) РНБ (Московский) Русский книжный фонд: издания с 1957 года 2009-3/8240 1-3577816  
Книга 18.03.2009 Обязательный экземпляр РНБ (Московский) РНБ (Московский) Русский книжный фонд: издания с 1957 года 2009-3/8240 2874492